000 00301nam a22001337a 4500
008 181023b xxu||||| |||| 00| 0 eng d
020 _a0814154247
041 _aeng
080 _a371
100 _a46
101 _aEDU
245 _aThinking and Writing in College
_cWalwoord,B.E
942 _2udc
_cBK
999 _c50739
_d50739